Tra cứu hàm excel
Đã lưu trong:
| Hovedforfatter: | |
|---|---|
| Format: | Bog |
| Sprog: | Undetermined |
| Udgivet: |
Hà Nội
Giao thông Vận tải
2005
|
| Fag: | |
| Tags: |
Tilføj Tag
Ingen Tags, Vær først til at tagge denne postø!
|
| Thư viện lưu trữ: | Trung tâm Học liệu Trường Đại học Cần Thơ |
|---|
| LEADER | 00570nam a2200193Ia 4500 | ||
|---|---|---|---|
| 001 | CTU_74185 | ||
| 008 | 210402s9999 xx 000 0 und d | ||
| 020 | |b 79000 | ||
| 082 | |a 005.15 | ||
| 082 | |b M600 | ||
| 100 | |a Nguyễn, Duy Hoàng Mỹ | ||
| 245 | 0 | |a Tra cứu hàm excel | |
| 245 | 0 | |c Nguyễn Duy Hoàng Mỹ, Nguyễn Kim Hải | |
| 260 | |a Hà Nội | ||
| 260 | |b Giao thông Vận tải | ||
| 260 | |c 2005 | ||
| 650 | |a Excel ( computer programs ) | ||
| 904 | |i Mai Loan, Qhieu | ||
| 980 | |a Trung tâm Học liệu Trường Đại học Cần Thơ | ||